| 000 | 00597cam a22002291 4500 | ||
|---|---|---|---|
| 001 | sa 66008066 | ||
| 003 | DLC | ||
| 005 | 20260227112310.0 | ||
| 008 | 890717s1966 ii b 000 0 tamo | ||
| 010 | _asa 66008066 | ||
| 035 | _a(OCoLC)20021927 | ||
| 040 |
_aDLC _cWaU _dDLC |
||
| 043 | _aa-ii--- | ||
| 050 | 0 | 0 |
_aPL4758.4 _b.S225 |
| 100 | 0 |
_aCālai Iḷantiraiyan̲, _d1930- |
|
| 245 | 1 | 0 | _aTamil̲il cir̲ukatai. |
| 260 | _c[1966] | ||
| 300 |
_a159, [1] p. _c19 cm. |
||
| 500 | _aIn Tamil. | ||
| 504 | _aBibliography: p. [160] | ||
| 650 | 0 |
_aShort stories, Tamil _xHistory and criticism. |
|
| 999 |
_c71622 _d71622 |
||